Emojified Flags - Statistics

General Stats
  • This quiz has been taken 34 times
  • The average score is 12 of 16
Answer Stats
Picture Answer % Correct
Australia
93%
North Macedonia
86%
Bhutan
83%
Brazil
83%
Barbados
76%
Cambodia
76%
Portugal
76%
Sri Lanka
76%
Albania
72%
Malta
72%
Slovenia
72%
Vatican City
72%
Dominica
69%
Kiribati
66%
Lesotho
62%
Saint Lucia
55%
No matching quizzes found
Score Distribution
Percent of People with Each Score
Percentile by Number Answered
Your Score History
You have not taken this quiz